| Registos Bibliográficos associados ao registo de autoridade |
|
Etiqueta de registo: 00230nam 2200025 450 001 1857549 003 http://id.bnportugal.gov.pt/bib/catbnp/1857549 100 ## $a20131203d2011 k y0pory01030103ba 101 0# $aeng$dpor 102 ## $aPT 105 ## $aa m 001yy 106 ## $ar 200 1# $aConstituents' perceptions in the roll-out of IFRS model by unlisted non-financial
companies in Portugal$fMaria Alexandra Soares Fontes$gorient. Lúcia Lima Rodrigues, David Alexander 210 #9 $a[Braga$cs.n.],$d2011 215 ## $aXVIII, 310 p.$cil.$d30 cm 215 ## $a1 disco ótico (CD-ROM) em caixa$d13 x 14 x 1 cm 305 ## $aEd. impressa e em CD-ROM 320 ## $aBibliografia, p. 272-310 328 #1 $aTese dout. Contabilidade, Escola de Economia e Gestão, Univ. do Minho, 2011 675 ## $a657(469)"20"(043)$vBN$zpor$31548935 700 #1 $aFontes,$bMaria Alexandra Soares$31556215 702 #1 $aRodrigues,$bLúcia Lima,$f1958-2022$4727$327133 702 #1 $aAlexandre,$bDavid$4727$31556217 801 #0 $aPT$bBN$gRPC 966 ## $lBN$mDEM$sS.A. 55599 P.$x1 966 ## $lBN$mFGMON$sS.A. 152991 V.$x1
Etiqueta de registo: 00254nam 2200025 450 001 2275942 003 http://id.bnportugal.gov.pt/bib/catbnp/2275942 100 ## $a20260304d2025 k y0pory01030103ba 101 0# $apor$deng 102 ## $aPT 105 ## $aa m 000yy 106 ## $ar 200 1# $a A contabilidade nas atividades informais$eevidências do mukhero em Moçambique$fAngélica Violeta Chiau$gorient. Tânia Menezes Montenegro, Maria Alexandra Soares Fontes 210 #9 $a[S.l.$cs.n.],$d2025 215 ## $aXV, 177 p.$cil.$d30 cm 328 #1 $aTese dout. Gestão (Contabilidade), Escola de Economia, Gestão e Ciência Política,
Universidade do Minho, 2025 675 ## $a339.18(679)(043)$vBN$zpor$31995675 675 ## $a657(679)(043)$vBN$zpor$31995676 675 ## $a316.62-055.2(679)(043)$vBN$zpor$31995678 700 #1 $aChiau,$bAngélica Violeta$31989033 702 #1 $aMontenegro,$bTânia Menezes$4727$31990942 702 #1 $aFontes,$bMaria Alexandra Soares$4727$31556215 801 #0 $aPT$bBN$gRPC 966 ## $lBN$mFGMON$sS.C. 168915 V.$x1 971 ## $cssilva$d20260304 972 ## $e0$z0$d20260424$vasantos 973 ## $cigoulao$d20260414
|
|
|